| 000 | 00891nam a2200277Ia 4500 | ||
|---|---|---|---|
| 999 |
_c54293 _d54293 |
||
| 001 | 21349 | ||
| 003 | GE_BSU | ||
| 005 | 20210909164901.0 | ||
| 008 | 181216s2016||||ru |||||||||||||| ||rus|| | ||
| 020 | _a9785756708578 | ||
| 040 | _cGE_BSU | ||
| 041 | _arus | ||
| 080 | _a327+330 М-18 | ||
| 100 |
_aМавланов, И. Р. _912418 |
||
| 245 |
_aЭкономическая дипломатия : _bУчебное пособие. / _c И. Р. Мавланов. |
||
| 250 | _a2-е издание испрвл. и дополн. | ||
| 264 |
_aМосква : _bАспект-Пресс, _c2016. |
||
| 300 |
_a526 стр. ; _c22 см. |
||
| 541 | _h114 Л. | ||
| 653 | _aПолитика | ||
| 653 | _aЭкономика | ||
| 653 | _aЭкономическая дипломатия | ||
| 653 | _aეკონომიკა | ||
| 653 | _aპოლიტიკა | ||
| 942 |
_cBK _2udc |
||